00377nam a2200109Ia 4500008004100000245013400041260004900175260000900224300001000233500000800243650001600251170224s9999 xx 000 0 und d aAvoidance orientation and the escalation of negative communication in intimate relationships: Correction to Kuster et al. (2015). bJournal of Personality and Social Psychology c2016 a110:5 aMay xPsychology.